000 00774nam a2200205Ia 4500
999 _c28220
_d28220
003 GCL
005 20240530101844.0
008 140319s9999 xx 000 0 ara d
040 _aGCL /
_cGCL
082 0 4 _a227.362
_bر م
100 1 _aالرازى ، فخر الدين محمد بن عمر
245 1 0 _aالتفسير الكبير او مفاتيح الغيب ( 32 ج فى 16 مج ) /
_cالرازى ، فخر الدين محمد بن عمر
260 _a[S.N] :
_bدار الكتب العلمية للنشر والتوزيع ،
_c1990
300 _aمتعدد الترقيم
650 0 4 _aالاسلام
650 0 4 _aالشريعة الاسلامية
650 0 4 _aالقران - تفاسير
650 0 4 _aالتفاسير الفقهية
942 _2ddc
_cBK